| 000 | 00506 a2200157 4500 | ||
|---|---|---|---|
| 999 |
_c2956 _d2956 |
||
| 020 | _a9780070635821 | ||
| 050 | _aHF5549.2 BER 2007 | ||
| 100 |
_aBernardin, John H. _eauthor |
||
| 245 |
_aHuman resources management : _ban experiential approach / _cH. John Bernardin |
||
| 250 | _a4th ed. | ||
| 264 |
_aNew Delhi _bTata McGraw-Hill _c2007 |
||
| 300 |
_a842P. : _bill. |
||
| 500 | _aIncludes bibliographical references and index | ||
| 650 | _aPersonnel Management | ||
| 942 |
_2lcc _cBK _e4th ed. _h5549.2 _iBER _kHF |
||